IPO ako finančný zdroj podniku a postup pri realizácii IPO
Vysvetlenie skratky IPO - initial public offering. Financovanie expanzie podniku formou IPO. Postup pri realizácii IPO. Tri fázy: prípravná fáza, realizačná fáza a post-realizačná fáza.
Enregistré dans:
| Auteur principal: | |
|---|---|
| Format: | Chapitre de livre |
| Langue: | slovaque |
| Sujets: | |
| Tags: |
Pas de tags, Soyez le premier à ajouter un tag!
|
MARC
| LEADER | 00000nla$a2200000$$$4500 | ||
|---|---|---|---|
| 001 | 0143063 | ||
| 005 | 20250506130504.6 | ||
| 041 | 0 | |a slo | |
| 044 | |a SK | ||
| 245 | 1 | 0 | |a IPO ako finančný zdroj podniku a postup pri realizácii IPO |c Bohuslav Pisár |
| 520 | |a Vysvetlenie skratky IPO - initial public offering. Financovanie expanzie podniku formou IPO. Postup pri realizácii IPO. Tri fázy: prípravná fáza, realizačná fáza a post-realizačná fáza. | ||
| 610 | 2 | 0 | |a financie |
| 610 | 2 | 0 | |a financovanie |
| 610 | 2 | 0 | |a akcie |
| 610 | 2 | 0 | |a firmy |
| 610 | 2 | 0 | |a investori |
| 610 | 2 | 0 | |a investície |
| 610 | 2 | 0 | |a banky |
| 610 | 2 | 0 | |a emisie |
| 610 | 2 | 0 | |a emitenti |
| 100 | 1 | |a Pisár, Bohuslav | |